| 000 | 01011nam a2200277 a 4500 | ||
|---|---|---|---|
| 001 | 000035917 | ||
| 003 | DO-SdBNP | ||
| 005 | 20220325133114.0 | ||
| 007 | ta | ||
| 008 | 111116s2010 dr d 000 0 spa d | ||
| 020 | _a9789945003079 | ||
| 040 |
_aDO-SdBNP _bspa _cBNPHU |
||
| 082 | 4 |
_a332.45 _bO77e _222 |
|
| 100 | 1 |
_aOrtíz, Freddy _961927 |
|
| 245 | 1 | 0 |
_aErrores gubernamentales en las crisis cambiarias : _bel caso de las empresas remesadoras / _cFreddy Ortíz. |
| 260 |
_aSanto Domingo : _bMediabyte, _c2010. |
||
| 300 |
_a227 p. : _bil., gráfcs. ; _c23 cm. |
||
| 590 | _aInventariado, 2019/MFF | ||
| 650 | 4 |
_aCambio exterior _97430 |
|
| 650 | 4 |
_aInmigrantes _xCondiciones económicas _zRepública Dominicana _961928 |
|
| 650 | 4 |
_aCrisis financiera _zRepública Dominicana _961929 |
|
| 650 | 4 |
_aIndustria de servicios financieros _zRepública Dominicana _961930 |
|
| 650 | 4 |
_aIndustria de servicios financieros _zEstados Unidos _961931 |
|
| 910 | _aValidado. Control de calidad EMS. | ||
| 942 |
_2ddc _cLBS1 |
||
| 999 |
_c35408 _d35408 |
||